| 000 | 00445cam a2200169ua 4500 | ||
|---|---|---|---|
| 020 | _a9788125927761 | ||
| 082 |
_a631.587 2 _bBHA/LA |
||
| 100 | _aBhattacharya, A K . | ||
| 245 | _aLand drainage : Principles, methods and applications / | ||
| 250 | _a1 / | ||
| 260 |
_aDelhi : _bKonark Publishers Private Limited , _c2003. |
||
| 300 | _a732 ; . | ||
| 500 | _a20788-Reference | ||
| 650 | _aDrainage | ||
| 700 | 1 | _aMichael, A.M. | |
| 942 | _cBK | ||
| 999 |
_c761 _d761 |
||